| 000 | 00682nam a2200241Ia 4500 | ||
|---|---|---|---|
| 001 | 114509 | ||
| 003 | DR-UNIBE | ||
| 005 | 20260415102702.0 | ||
| 008 | 260324b1999 fr ||||| |||| 00| 0 fre d | ||
| 020 | _a224703084X | ||
| 040 |
_aBIBLIOTECA UNIBE _cBIBLIOTECA UNIBE |
||
| 041 | _afre | ||
| 082 | 0 | _a345.44 F817c 1999 | |
| 110 | 2 |
_aFrancia. [Leyes etc.] _995825 |
|
| 245 | 1 | 0 | _aCode civil |
| 250 | _aNonagésima octava edición | ||
| 260 |
_aParis : _b Éditions Dalloz, _c1999 |
||
| 300 | _axx, 2043 página | ||
| 490 | _aPrécis Dalloz. Droit privé | ||
| 650 | 7 |
_aDerecho civil _xLegislación _zFrancia _2lemb _9204185 |
|
| 942 |
_cBK _2ddc |
||
| 951 | _a20061022 10:18:00 | ||
| 999 |
_c114509 _d114509 |
||